Three-dimensional systems /

Guardado en:
Autor Corporativo: Florida Workshop in Nonlinear Astronomy
Otros Autores: Kandrup, Henry E. (Editor ), Gottesman, S. T. (Editor ), Ipser, James R. (Editor )
Formato: Libro
Idioma:English
Publicado: New York, N.Y. : New York Academy of Sciences, 1995.
Series:Annals of the New York Academy of Sciences, v. 751
Materias:
Etiquetas: Agregar Etiqueta
Sin Etiquetas, Sea el primero en etiquetar este registro!
LEADER 02236cam a2200313 a 4500
001 MAT.inmabb003291
008 950412s1995####nyua#####b####101#0#eng##
005 20130222113938.0
245 0 0 |a Three-dimensional systems /  |c edited by Henry E. Kandrup, Stephen T. Gottesman, and James R. Ipser. 
260 |a New York, N.Y. :  |b New York Academy of Sciences,  |c 1995. 
300 |a vii, 229 p. :  |b il. ;  |c 23 cm. 
440 0 |a Annals of the New York Academy of Sciences,  |x 0077-8923 ;  |v v. 751 
500 |a "Papers ... presented at the 9th Florida Workshop in Nonlinear Astronomy ... held on Oct. 28-30, 1993, in Gainesville, Florida." 
504 |a Incluye referencias bibliográficas e índice. 
505 2 |a M. Elaine Mahon, Orbits of gas clouds as probes of the shape of a rotating triaxial potential -- C. Hunter, Nonuniqueness of self-consistent models -- Henry E. Kandrup and M. Elaine Mahon, Chaos and noise in galactic dynamics -- G. Contopoulos, Order and chaos in three-dimensional systems -- Daniel Pfenniger, Complex instability: a typical instability in multidimensional Hamiltonian systems -- Norman R. Lebovitz and Alexander Lifschitz, Short wavelength instabilities of asymmetric, rotating masses -- Paul J. Channell, Canonical integration of the collisionless Boltzmann equation -- Mark J. Ablowitz and Constance Schober, Numerical stochasticity, Hamiltonian integrators, and the nonlinear Schrödinger equation -- Mingzhou Ding and Edward Ott, Chaotic scattering in systems with more than two degrees of freedom -- Christos V. Siopis, G. Contopoulos and Henry E. Kandrup, Escape probabilities in a Hamiltonian with two channels of escape. 
510 4 |a MR,  |c 98b:70018 
020 |a 0897669266 (pbk.) 
020 |a 0897669258 
700 1 |a Kandrup, Henry E.  |4 edt 
700 1 |a Gottesman, S. T.  |q (Stephen T.)  |4 edt 
700 1 |a Ipser, James R.  |4 edt 
711 2 |a Florida Workshop in Nonlinear Astronomy  |n (9º :  |d 1993 :  |c Gainesville, Florida) 
650 0 |a Three-body problem  |x Congresses. 
650 0 |a Astrophysics  |x Mathematics  |x Congresses. 
650 0 |a Hamiltonian systems  |x Congresses. 
084 |a 70F15 (70-06 85-06)  |2 MR 
010 |a  95017287  
040 |a DLC  |c DLC  |d DLC 
859 |h 70  |i T531  |p A-7085  |b BIB. MATEMATICA